STN EN ISO 3743-2: 1998 (01 1605) [neplatná], Akustika. Určovanie hladín akustického výkonu zdrojov hluku. Technické metódy pre malé prenosné zdroje v dozvukových poliach Časť 2 Metódy pre špeciálne dozvukové skúšobné miestnosti (ISO 3743-2: 1994)
Norma je identická s EN ISO 3743-2: 1996 a ISO 3743-2: 1994
| Corporate Author: | |
|---|---|
| Other Authors: | |
| Format: | Book |
| Language: | Slovak English |
| PhysicalDescription: | 33 s. obr., tab. |
| Published: |
Bratislava
Slovenský ústav technickej normalizácie
1998
|
| Subjects: |
MARC
| LEADER | 00000cam a22000005a 4500 | ||
|---|---|---|---|
| 001 | vtls009758067 | ||
| 003 | SK-MaSNL | ||
| 005 | 20260301171517.0 | ||
| 008 | 090725s1998 xo a fru 000 0 slo | ||
| 035 | |a (SVKBBclas03)vtls000136955 | ||
| 040 | |a SNK |b slo |c SNK |e AACR2 | ||
| 041 | 1 | |a slo |h eng | |
| 044 | |a xo |c SK | ||
| 046 | |a m |m 19980501 (účin.) |n 20091229 (zruš.) | ||
| 084 | |a 17.140.10 |2 ICS | ||
| 130 | 0 | |a STN 01 1605 (STN EN ISO 3743-2) [neplatná] |9 539289 | |
| 245 | 1 | 0 | |a STN EN ISO 3743-2: 1998 (01 1605) [neplatná], Akustika. Určovanie hladín akustického výkonu zdrojov hluku. Technické metódy pre malé prenosné zdroje v dozvukových poliach |n Časť 2 |p Metódy pre špeciálne dozvukové skúšobné miestnosti (ISO 3743-2: 1994) |
| 246 | 1 | 0 | |a Akustika |
| 246 | 1 | 0 | |a Určovanie hladín akustického výkonu zdrojov hluku |
| 246 | 1 | 0 | |a Technické metódy pre malé prenosné zdroje v dozvukových poliach |
| 246 | 1 | 0 | |a Metódy pre špeciálne dozvukové skúšobné miestnosti (ISO 3743-2: 1994) |
| 260 | |a Bratislava |b Slovenský ústav technickej normalizácie |c 1998 | ||
| 300 | |a 33 s. |b obr., tab. | ||
| 500 | |a Spoločne s STN EN ISO 3743-1: 1997 nahrádzajú STN 01 1605 z 13.8.1980 v celom rozsahu. Neplatná norma je uložená v archívnom fonde. | ||
| 500 | |a Norma je nahradená normou STN EN ISO 3743-2 z decembra 2009 v celom rozsahu. STN EN ISO 3743-2 z mája 1998 sa môže súbežne s touto normou používať do 28. 12. 2009 v celom rozsahu | ||
| 520 | 8 | |a Norma je identická s EN ISO 3743-2: 1996 a ISO 3743-2: 1994 | |
| 540 | |a STN vydané na akomkoľvek nosiči sa môžu rozmnožovať a rozširovať iba so súhlasom určenej právnickej osoby |b SÚTN Bratislava |c zákon 264/1999 Z. z. | ||
| 650 | 0 | 7 | |a technické normy a štandardy |z Slovensko |2 SNKPH |9 79594 |
| 650 | 0 | 7 | |a technické normy a štandardy |z krajiny Európskej únie |2 SNKPH |9 289341 |
| 655 | 7 | |a normy |2 SNKPH |9 70643 | |
| 700 | 1 | |a Pobjecký, Ivan, |4 trl |9 312134 | |
| 710 | 2 | |a MIND (Piešťany, Slovensko) |9 312136 | |
| 710 | 1 | |a Slovensko. |b Úrad pre normalizáciu, metrológiu a skúšobníctvo |4 stn |9 158117 | |
| 710 | 2 | |a Slovenský ústav technickej normalizácie |4 stn |9 32706 | |
| 774 | 1 | 8 | |t STN EN ISO 3743-2: 2009 |d Bratislava: Slovenský ústav technickej normalizácie, 2009 |w vtls010031016 |
| 958 | |a OP | ||
| 999 | |c 831024 |d 832954 | ||
| 952 | |t P60, <03>, [BOOK], {603} |a SNK |b SNK |y PREZ |7 0 |p 17A0138949 |o snkSTN EN ISO 3743-2 |i snkN 587/98 |0 0 |1 0 |4 0 |d 1998-06-12 |l 0 |r 2005-01-02 00:00:00 |w 2026-02-24 | ||
| 952 | |t P60, <04>, [BOOK], {604} |a SNK |b SNK |y VYP |7 0 |p 17A0138950 |o snkSTN EN ISO 3743-2 D1 |i snkN 588/98 |0 0 |1 0 |4 0 |d 1998-06-12 |l 0 |r 2005-01-02 00:00:00 |w 2026-02-24 | ||


